| 000 | 00415nam a2200109Ia 4500 | ||
|---|---|---|---|
| 008 | 160909s9999 xx 000 0 und d | ||
| 100 | _aKress, Marin M. | ||
| 245 | _aIdentification and use of indicator data to develop models for Marine-sourced risks in Massachusetts Bay | ||
| 260 |
_bUniversity of Massachusetts Boston. _c2016 |
||
| 650 | _aFOOD | ||
| 856 | _uhttp://pqdtopen.proquest.com/doc/1803936446.html?FMT=ABS | ||
| 999 |
_c304025 _d304025 |
||